<?xml version="1.0" encoding="UTF-8"?>
<resp>
  <nextPage>https://data.bn.org.pl/api/networks/bibs.marcxml?marc=001+b00001150003688&amp;sinceId=1150003689</nextPage>
  <collection>
    <record xmlns='http://www.loc.gov/MARC21/slim'><leader>01235namZa2200349ZiZ4500</leader><controlfield tag='001'>b00001150003688</controlfield><controlfield tag='005'>20241203214038.9</controlfield><controlfield tag='008'>230609s        pl           |000 0 pol c</controlfield><controlfield tag='009'>9913261147405606</controlfield><datafield ind1=' ' ind2=' ' tag='020'><subfield code='a'>8371150253</subfield></datafield><datafield ind1=' ' ind2=' ' tag='035'><subfield code='a'>KR_1KR_1_20120317232824029335-48omnis_kr</subfield></datafield><datafield ind1=' ' ind2=' ' tag='035'><subfield code='a'>KR_1_20120317232824029335</subfield><subfield code='9'>ExL</subfield></datafield><datafield ind1=' ' ind2=' ' tag='035'><subfield code='a'>(PL)b00001150003688</subfield></datafield><datafield ind1=' ' ind2=' ' tag='040'><subfield code='a'>KR_1</subfield><subfield code='c'>KR_1</subfield></datafield><datafield ind1='1' ind2=' ' tag='041'><subfield code='a'>pol</subfield><subfield code='h'>eng</subfield></datafield><datafield ind1='1' ind2=' ' tag='100'><subfield code='a'>Rottman, Gordon L.</subfield><subfield code='d'>(1947- )</subfield></datafield><datafield ind1='1' ind2='0' tag='245'><subfield code='a'>Wojska powietrznodesantowe USA 1940-90 /</subfield><subfield code='c'>tekst Gordon Rottman ; tablice barwne Ron Volstad ; [tł. Igor Zakrzewski].</subfield></datafield><datafield ind1=' ' ind2=' ' tag='260'><subfield code='a'>W-wa :</subfield><subfield code='b'>Editions Spotkania :</subfield><subfield code='b'>&quot;Bellona&quot;,</subfield><subfield code='c'>[1994].</subfield></datafield><datafield ind1=' ' ind2=' ' tag='300'><subfield code='a'>64 s., [12] s. tabl. kolor. :</subfield><subfield code='b'>fot., il.(w tym kolor.);</subfield><subfield code='c'>25 cm</subfield></datafield><datafield ind1='1' ind2=' ' tag='490'><subfield code='a'>Spotkania Militaria. Jednostki Doborowe. ;</subfield><subfield code='v'>4</subfield></datafield><datafield ind1=' ' ind2=' ' tag='500'><subfield code='a'>n</subfield></datafield><datafield ind1='1' ind2=' ' tag='700'><subfield code='a'>Volstad, Ron</subfield><subfield code='e'>Il.</subfield></datafield><datafield ind1='1' ind2=' ' tag='700'><subfield code='a'>Zakrzewski, Igor</subfield><subfield code='e'>Tł.</subfield></datafield><datafield ind1=' ' ind2=' ' tag='852'><subfield code='b'>48OMNIS_NETWORK</subfield><subfield code='8'>9913261147405606</subfield></datafield><datafield ind1=' ' ind2=' ' tag='852'><subfield code='b'>48OMNIS_WBPL</subfield><subfield code='8'>991001017459708836</subfield></datafield><datafield ind1=' ' ind2=' ' tag='852'><subfield code='b'>48OMNIS_KR</subfield><subfield code='8'>991000036869708216</subfield></datafield><datafield ind1=' ' ind2=' ' tag='852'><subfield code='8'>22852879910008836</subfield><subfield code='j'>1</subfield><subfield code='b'>WBPL</subfield><subfield code='p'>KOD000003614</subfield><subfield code='c'>DUZIM_MG</subfield></datafield><datafield ind1=' ' ind2=' ' tag='920'><subfield code='a'>83-7115-025-3</subfield></datafield></record>
  </collection>
</resp>
